1994 FIFA World Cup Host Cities and Stadiums - Statistics

General Stats
  • This quiz has been taken 53 times
  • The average score is 12 of 18
Answer Stats
Picture Hint Answer % Correct
United States Los Angeles
97%
United States New York/New Jersey
97%
United States Washington, D.C.
97%
United States Boston
93%
United States Chicago
93%
United States Dallas
93%
United States San Francisco
90%
United States Orlando
83%
United States Detroit
76%
8 games | Capacity: 94.194 Rose Bowl Stadium
76%
5 games | Capacity: 63.160 Soldier Field
52%
7 games | Capacity: 76.322 Giants Stadium
48%
6 games | Capacity: 54.456 Foxboro Stadium
45%
4 games | Capacity: 77.557 Pontiac Silverdome
45%
6 games | Capacity: 64.000 Cotton Bowl Stadium
41%
5 games | Capacity: 53.121 Robert F. Kennedy Memorial Stadium
41%
5 games | Capacity: 62.387 Florida Citrus Bowl
34%
6 games | Capacity: 84.147 Stanford Stadium
31%
No matching quizzes found
Score Distribution
Percent of People with Each Score
Percentile by Number Answered
Your Score History
You have not taken this quiz